000
00330 a2200109 4500
001
ART_2453
005
20260410161726.0
008
260409a
245
1
0
_a
Nuevos modelos de organización
100
1
_a
Drucker, Peter Ferdinand
773
0
_t
Administración de empresas
_g
- Año 5, Nº 60 (mar. 1975)
_w
REV2036
999
_c
17408
_d
17408